Botas de lluvia suecas / (Registro nro. 514)
[ vista simple ]
| 000 -LEADER | |
|---|---|
| fixed length control field | 01651nam a22002177a 4500 |
| 003 - CONTROL NUMBER IDENTIFIER | |
| control field | OSt |
| 005 - DATE AND TIME OF LATEST TRANSACTION | |
| control field | 20250623155139.0 |
| 008 - FIXED-LENGTH DATA ELEMENTS--GENERAL INFORMATION | |
| fixed length control field | 250530s2016 ag ||||| |||| 00| 1 spa d |
| 020 ## - INTERNATIONAL STANDARD BOOK NUMBER | |
| International Standard Book Number | 9789876703895 |
| 040 ## - CATALOGING SOURCE | |
| Transcribing agency | spa |
| 100 1# - MAIN ENTRY--PERSONAL NAME | |
| Personal name | Mankell, Henning, |
| Dates associated with a name | 1948-2015, |
| Relator term | autor |
| 245 10 - TITLE STATEMENT | |
| Title | Botas de lluvia suecas / |
| Statement of responsibility, etc. | Henning Mankell ; traducción del sueco por Gemma Pecharromán Miguel |
| 260 ## - PUBLICATION, DISTRIBUTION, ETC. | |
| Place of publication, distribution, etc. | Buenos Aires : |
| Name of publisher, distributor, etc. | Tusquets, |
| Date of publication, distribution, etc. | 2016 |
| 300 ## - PHYSICAL DESCRIPTION | |
| Extent | 399 p. |
| 520 ## - SUMMARY, ETC. | |
| Summary, etc. | Una noche de otoño, Fredrik Welin -el protagonista de la inolvidable novela Zapatos italianos- se despierta cuando un ingreso arrasa su casa . A sus sesenta y nueve años, este solitario médico jubilado sale penosamente de entre las llamas, calzado con unas botas de lluvia (pero ambas pertenecen al pie izquierdo). Sólo quedan a la mañana siguiente, unas ruinas malolientes: ha perdido su casa y todas sus pertenencias, y tiene que mudarse a una caravana. Cuando por el archipiélago se extiende el rumor de que él mismo ha provocado el fuego., la policía lo interroga, sin llegar a acusarlo. De pronto, Louise, la hija de Fredrik, viaja hasta la isla por motivos misteriosos. Todos esos acontecimientos sumen en el desconcierto a Fredrik, que ese otoño ve como se acerca a la vejez, también a la muerte. Sin embargo, al conocer a Lisa Modin , una periodista que investiga el incendio, se despiertan en el sentimientos que llevaba mucho tiempo adormecidos y pensara de nuevo en la Nochevieja como la ocasión para festejar con los amigos el gusto de estar vivo. |
| 648 #4 - SUBJECT ADDED ENTRY--CHRONOLOGICAL TERM | |
| Chronological term | Siglo XXI |
| 650 #4 - SUBJECT ADDED ENTRY--TOPICAL TERM | |
| Topical term or geographic name entry element | Literatura |
| 651 #4 - SUBJECT ADDED ENTRY--GEOGRAPHIC NAME | |
| Geographic name | Suecia |
| 655 #4 - INDEX TERM--GENRE/FORM | |
| Genre/form data or focus term | Novela |
| 942 ## - ADDED ENTRY ELEMENTS (KOHA) | |
| Source of classification or shelving scheme | Universal Decimal Classification |
| Koha item type | Obra General |
| Suppress in OPAC | No |
| Withdrawn status | Lost status | Source of classification or shelving scheme | Damaged status | Not for loan | Collection | Home library | Current library | Date acquired | Total checkouts | Full call number | Barcode | Date last seen | Price effective from | Koha item type |
|---|---|---|---|---|---|---|---|---|---|---|---|---|---|---|
| Universal Decimal Classification | Colección Nélida Perona | Biblioteca Escuela de Ciencias Sociales | Biblioteca Escuela de Ciencias Sociales | 30/05/2025 | 81-31(485) M278 | 001379 | 30/05/2025 | 30/05/2025 | Obra General |